| 000 | 00000nam##2200000za#4500 |
| 001 | 9.700346 |
| 003 | CaOODSP |
| 005 | 20250506145324 |
| 007 | cr ||||||||||| |
| 008 | 150407|1977||||xxc|||||o f|0| 0 eng|d |
| 040 | |aCaOODSP|beng |
| 043 | |an-cn--- |
| 086 | 1 |aA43-869/1977E-PDF |
| 110 | 1 |aCanada.|bAgriculture Canada. |
| 245 | 10|aLime and other soil amendments / |h[electronic resource]|c[by] H.J. Atkinson. |
| 250 | |aPrinted 1952, revised 1964, reprinted 1977 |
| 260 | |aOttawa - Ontario : |bAgriculture Canada |cc1977. |
| 300 | |a8p.|btable |
| 500 | |aHistorical publication digitized by Agriculture and Agri-Food Canada. |
| 590 | |a15-02-Supp|b2015-02-16 |
| 690 | 07|aEmergency preparedness|2gcpds |
| 690 | 07|aAgri-food industry|2gcpds |
| 690 | 07|aAgricultural technology|2gcpds |
| 720 | 1 |aAtkinson, H. J. |
| 775 | 08|tChaux et autres amendements du sol / |w(CaOODSP)9.644243 |
| 856 | 40|ahttp://publications.gc.ca|qPDF|s532 KB|uhttps://publications.gc.ca/collections/collection_2015/aac-aafc/A43-869-1977-eng.pdf |
| 986 | |aPublication 869 |